Usa’s Top exports - Statistics

General Stats
  • This quiz has been taken 22 times
  • The average score is 2 of 10
Answer Stats
Exports % Correct
Vehicles
83%
Machinery
39%
Precious metals
33%
aircraft
17%
Computers
17%
Pharmaceuticals
17%
Plastic
6%
Hospital equipment
0%
Mineral fuels
0%
Organic chemicals
0%
No matching quizzes found
Score Distribution
Percent of People with Each Score
Percentile by Number Answered
Your Score History
You have not taken this quiz